Nitrogen in agricultural soils /
Guardado en:
| Otros Autores: | |
|---|---|
| Formato: | Libro |
| Idioma: | English |
| Publicado: |
Madison, Wis. :
American Society of Agronomy,
1982.
|
| Series: | Agronomy ;
no. 22 |
| Etiquetas: |
Agregar Etiqueta
Sin Etiquetas, Sea el primero en etiquetar este registro!
|
| LEADER | 00698pam a2200217 a 4500 | ||
|---|---|---|---|
| 001 | EEA.libagro010253 | ||
| 005 | 20161011102743.0 | ||
| 008 | 820201s1982####wiua#####b####001#0#eng## | ||
| 010 | |a 82001704 | ||
| 020 | |a 0891180702 | ||
| 040 | |a DLC |c DLC |d DLC | ||
| 050 | 0 | 0 | |a S592.6.N5 |b N566 1982 |
| 082 | 0 | 0 | |a 631.416 |
| 082 | 0 | 4 | |a 631.84 |
| 245 | 0 | 0 | |a Nitrogen in agricultural soils / |c Frank J. Stevenson, editor. |
| 260 | |a Madison, Wis. : |b American Society of Agronomy, |c 1982. | ||
| 300 | |a xx, 940 p. : |b il. ; |c 24 cm. | ||
| 440 | 0 | |a Agronomy ; |v no. 22 | |
| 504 | |a Incluye referencias bibliográficas e índice. | ||
| 700 | 1 | |a Stevenson, F. J. | |
| 859 | |a AR-BbBCA |b BIB. AGRONOMIA |h 631.416 |i S947 |p 1998/3217 | ||
